| 000 | 00935nam a2200253Ia 4500 | ||
|---|---|---|---|
| 001 | 11351 | ||
| 003 | GE_BSU | ||
| 008 | 181216s||||||||xx |||||||||||||| ||und|| | ||
| 020 | _a9785991624237 | ||
| 040 | _cGE_BSU | ||
| 080 | _a351(075.8):33 | ||
| 100 | _aЮ.Н.Шедко; Ю.Б.Миндлин;И.С.Цыпин и др. | ||
| 245 | _aСистема государственного и муниципального управления. | ||
| 245 | _bУчебник для бакалавров. | ||
| 245 | _cПод.ред:Ю.Н.Шедько. | ||
| 260 | _aМосква. | ||
| 260 | _bИздательство Юрайт. | ||
| 260 | _c2013. | ||
| 300 | _a570стр;21см. | ||
| 520 | _aФинансовый университет при правительстве рф. | ||
| 541 | _h60л. | ||
| 653 | _aСистема государственного и муниципального управления. | ||
| 942 | _cBK | ||
| 999 |
_c44548 _d44548 |
||